| 000 | 00632nam a2200169Ia 4500 | ||
|---|---|---|---|
| 005 | 20250424120228.0 | ||
| 008 | 250424s9999 xx 000 0 und d | ||
| 022 | _a21417601 | ||
| 050 | _aHT 384. N5 C46/ | ||
| 245 | 0 | _aCentre for human settlements and urban development journal | |
| 260 | _aMinna, Niger State | ||
| 260 | _bCentre for Human Settlements and Urban Development, Federal University of Technology | ||
| 260 | _c2011 | ||
| 300 | _aiv, 96 p. : ill. (some col.), maps ; 29 cm. | ||
| 650 | _aUrbanization--Nigeria--Periodicals. Building--Nigeria--Periodicals. Human settlements--Nigeria--Periodicals. | ||
| 942 | _cSR | ||
| 999 |
_c38120 _d38120 |
||